| 000 | 00706nam a2200277Ia 4500 | ||
|---|---|---|---|
| 005 | 20260320195844.0 | ||
| 008 | 008 262003s9999 xx 000 0 hin d | ||
| 020 | _a9788126705979 | ||
| 037 | _aEBOOK | ||
| 040 | _aCRL | ||
| 040 | _bhin | ||
| 040 | _cCRL | ||
| 041 | _2hin | ||
| 041 | _ahin | ||
| 084 | _qCRL | ||
| 100 | _aभगवतीचरण वर्मा | ||
| 245 | 0 | _aसम्पूर्ण कहानियाँ : भगवतीचरण वर्मा | |
| 250 | _a7th | ||
| 260 | _bRajkamal | ||
| 260 | _c2002 | ||
| 300 | _a368 | ||
| 856 | _uhttps://ebook.indiaread.in/pdfs/9788126705979.pdf | ||
| 942 | _cEBOOK | ||
| 999 |
_c1716865 _d1716865 |
||